| 000 | 00569 a2200217 4500 | ||
|---|---|---|---|
| 005 | 20260430144325.0 | ||
| 008 | 260430b |||||||| |||| 00| 0 eng d | ||
| 020 |
_a9781032600710 _c£ 60.99 |
||
| 040 | _aMAIN | ||
| 082 |
_a302.23072 _bB751Q(4) |
||
| 100 | _aBrennen, Bonnie S | ||
| 245 | _aQualitative research methods for media studies | ||
| 250 | _a4th | ||
| 260 |
_bRoutledge _c2025 _aNew York |
||
| 300 | _a283 | ||
| 650 | _aMass Media- Research | ||
| 650 | _aQualitative Research | ||
| 650 | _aMedia Studies | ||
| 650 | _aSocial Science | ||
| 942 | _cBK | ||
| 999 |
_c397278 _d397278 |
||